Statistics for all pokemon games

Click here to take the quiz!

General Stats

  • This quiz has been taken 2 times
  • The average score is 6 of 18

Answer Stats

HintAnswer% Correct
3DSSun,Moon
100%
SwitchBrilliant Diamond,Shining Pearl
50%
Gameboy AdvanceFirered,Leafgreen
50%
DSHeartgold,Soulsilver
50%
switchLegends Arceus
50%
3DSOmega Ruby,Alpha Sapphire
50%
Gameboy AdvanceRuby,Sapphire,Emerald
50%
switchScarlet,Violet
50%
SWITCHSword,shield
50%
3DSUltra Sun,Ultra Moon
50%
DSBlack and White
0%
DSBlack And White 2
0%
DSDiamond,Pearl,Platinum
0%
SWITCHisle of armor,The Crown Tundra
0%
SWITCHLets Go Pikachu,Lets Go EEVEE
0%
GameboyRed,Blue,Yellow,Green
0%
Gameboy ColorSilver,Gold,Crystal
0%
3DSX,Y
0%

Score Distribution

Percentile by Number Answered

Percent of People with Each Score

Your Score History

You have not taken this quiz